LEADER 00987nam a2200229 i 4500 001 000000177046 003 CaOOAMICUS 005 20090113000000.0 008 090113s1959 it u000 u fre u 013 $a154549 040 $aSeMil$bita 100 1 $aIosephus, Flavius,$d.$0(OLS)http://semarc/name/371 245 10$aAutobiographie /$cFlavius Josèphe ; texte établi et traduit par André Pelletier. 260 $aParis :$bLes Belles Lettres,$c1959. 300 $aXXXVI, 79 p., [1] c. geogr. ;$c21 cm. 490 0 $aCollection des Universités de France 700 1 $aPelletier, André .$0(OLS)http://semarc/name/91287 830 0$aCollection des Universités de France.$0(OLS)http://semarc/title/6036 850 $aSeMil 852 $aSeMil$W1$xVenegono$y1$m1Z I 172$j127860$B127860$CSeMilBibl$Z2$F138332 $81 996 $6245$aAutobiographie$9(OLS)http://semarc/title/254246 996 $6260$aParis :$bLes Belles Lettres$9(OLS)http://semarc/publisher/30422 LEADER 00669nam a2200193 4500 001 000000366587 003 CaOOAMICUS 005 20260224100856.0 008 260224s2024 it a 000 u ita r 020 $a978-88-12-01207-7 040 $aSeMil$bita 245 00$aA-H. 300 $aXII, 782 p. :$bill. ;$c31 cm 773 0 $tUndicesima appendice.$dRoma : Istituto della Enciclopedia Italiana, 2025.$g1$w()366567 850 $aSeMil 852 $aSeMil$W1$xVenegono$y1$mSL1.K IV 10/2$j267508$B257363$CSeMilBibl$Z2$F257363 $8I 996 $6020$a978-88-12-01207-7$9(OLS)http://semarc/number/305391 996 $6245$aA-H$9(OLS)http://semarc/title/96478